| 000 | 00463nam a2200169Ia 4500 | ||
|---|---|---|---|
| 008 | 151213s9999 xx 000 0 und d | ||
| 020 | _a984-32-2118-4 | ||
| 100 | _aS.K. Golam Madhbub | ||
| 245 |
_aAl (A D R ) in Commercial Disputes , the UK & Bangladesh Perspectives _cS.K. Golam Madhbub |
||
| 250 | _a1st | ||
| 260 |
_aDhaka _bSK.Golam Mahbub _c2005 |
||
| 300 | _a6851 p. | ||
| 650 | _aLaw | ||
| 650 | _aLaw | ||
| 700 | _aS.K. Golam Madhbub | ||
| 999 |
_c3690 _d3690 |
||